| 000 | 00922nas a2200313 4500 | ||
|---|---|---|---|
| 001 | BR0806339 | ||
| 003 | BR-BrBNA | ||
| 005 | 20231205112120.0 | ||
| 007 | ta | ||
| 008 | 230509b bl.|||p| |||| 00| 00por d | ||
| 040 |
_aBR-BrBNA _bpor _cBiblioteca Nacional de Agricultura |
||
| 041 | _a(Pt) | ||
| 072 | _aE50 | ||
| 100 | 1 | _aRagazani, A.V.F. | |
| 100 | 1 | _aIturrino, R.P.S. | |
| 100 | 1 | _aGarcia, G.R. | |
| 100 | 1 | _aDelfino, T.P.C. | |
| 100 | 1 | _aPoiatti, M.L. | |
| 100 | 1 | _aBerchielli, S.P. | |
| 245 | 1 | _aEsporos de clostridium botulinum em mel comercializado no estado de São Paulo e em outros estados brasileiros | |
| 650 | _aBOTULISMO | ||
| 650 | _aBACTÉRIA | ||
| 650 | _aESPORO | ||
| 650 | _aSAÚDE | ||
| 650 | _aCRIANÇA | ||
| 773 | 0 |
_tCiência Rural (Brazil) _xISSN 0103-8478 _g(Mar-Apr 2008), v. 38(2) p. 396-399 _wBR0806339 |
|
| 909 |
_a202311 _bLúcia _c55 _dLúcia Elande |
||
| 942 |
_2AGRIS _n0 _cANA |
||
| 999 |
_c196169 _d196169 |
||